000 00401nam a2200157Ia 4500
008 121205t2003 xxu||||| |||| 00| 0 eng d
041 _aeng
080 _a8-1
_bGUN
100 _aSonalini Gunasekara
245 _aMusic From Another Room
260 _bSamayawardana Book Shop
_aColombo 10
_c2003
300 _b43p., 21 cm
942 _cBK
999 _c74377
_d74377
003 LK-CoDNM
040 _aLK-CoDNM
_dLK-CoDNM
_eLK-CoDNM